Censura de historias fabulosas / (Record no. 47692)

MARC details
000 -LEADER
campo de control de longitud fija 01047nam a2200253 i 4500
001 - NÚMERO DE CONTROL
campo de control 47692
003 - IDENTIFICADOR DE NÚMERO DE CONTROL
campo de control ES-MaACL
005 - FECHA Y HORA DE LA ÚLTIMA TRANSACCIÓN
campo de control 20250627063628.0
007 - CAMPO FIJO DE DESCRIPCIÓN FÍSICA--INFORMACIÓN GENERAL
campo de control de longitud fija t|
008 - DATOS DE LONGITUD FIJA--INFORMACIÓN GENERAL
campo de control de longitud fija 030519r19991742sp |||| | spa j
020 ## - NÚMERO INTERNACIONAL ESTÁNDAR DEL LIBRO
Número Internacional Estándar del Libro 84-7522-843-7
080 ## - NÚMERO DE LA CLASIFICACIÓN DECIMAL UNIVERSAL
Número de la Clasificación Decimal Universal 27(460)(093)(04)
100 1# - ENTRADA PRINCIPAL--NOMBRE DE PERSONA
Nombre de persona Antonio, Nicolás,
Fechas asociadas al nombre 1617-1684
9 (RLIN) 21980
245 10 - MENCIÓN DEL TÍTULO
Título Censura de historias fabulosas /
Mención de responsabilidad, etc. obra posthuma de Nicolas Antonio ; van añadidas algunas cartas del mismo autor i de otros eruditos ; publica estas obras, Gregorio Mayáans i Siscáar, autor de la Vida de Don Nicolás Antonio.
260 ## - PUBLICACIÓN, DISTRIBUCIÓN, ETC.
Lugar de publicación, distribución, etc. Madrid :
Nombre del editor, distribuidor, etc. Visor Libros,
Fecha de publicación, distribución, etc. [1999]
300 ## - DESCRIPCIÓN FÍSICA
Extensión 752 p ;
Dimensiones 31 cm.
490 1# - MENCIÓN DE SERIE
Mención de serie Biblioteca filológica hispana ;
Designación de volumen o secuencia 43
534 ## - NOTA SOBRE LA VERSIÓN ORIGINAL
Frase introductoria Reprod. de la ed. de:
Publicación, distribución, etc. del original -- Valencia : por Antonio Bordazáar de Artáazu, 1742.
651 #4 - PUNTO DE ACCESO ADICIONAL DE MATERIA--NOMBRE GEOGRÁFICO
Nombre geográfico España-
Subdivisión general Historia eclesiástica-
Subdivisión de forma Historiografía.
9 (RLIN) 8370
700 1# - ENTRADA AGREGADA--NOMBRE PERSONAL
Nombre de persona Mayáns y Siscar, Gregorio.
9 (RLIN) 79333
830 0# - PUNTO DE ACCESO ADICIONAL DE SERIE-TÍTULO UNIFORME
Título uniforme Biblioteca filológica hispana ;
Designación de volumen o secuencia 43
9 (RLIN) 179654
852 ## - LOCALIZACIÓN
Ubicación ES-MaACL
Número de control de estantería L-26304
Holdings
Estatus retirado Estado de pérdida Estado de daño No para préstamo Biblioteca de origen Biblioteca actual Ubicación en estantería Fecha de adquisición Fuente de adquisición Total de préstamos Signatura topográfica completa Código de barras Visto por última vez Precio de reemplazo Tipo de ítem Koha
        Biblioteca del Ateneo de Madrid Biblioteca del Ateneo de Madrid Depósito 2 17/01/2008     L-26304 1050183 23/02/2023 23/02/2023 Libro impreso